ARRUPE JESUIT UNIVERSITY

CORONAVIRUS -STOP THE SPREAD - CLEAN,DISINFECT,COVER

The art of stillness : (Record no. 128290)

MARC details
000 -LEADER
fixed length control field 01071cam a2200313 i 4500
001 - CONTROL NUMBER
control field 18383789
003 - CONTROL NUMBER IDENTIFIER
control field ARRUPE
005 - DATE AND TIME OF LATEST TRANSACTION
control field 20181002113028.0
008 - FIXED-LENGTH DATA ELEMENTS--GENERAL INFORMATION
fixed length control field 141110s2014 enk 000 0 eng
010 ## - LIBRARY OF CONGRESS CONTROL NUMBER
LC control number 2014486330
020 ## - INTERNATIONAL STANDARD BOOK NUMBER
International Standard Book Number 9781471138867 (pbk.)
020 ## - INTERNATIONAL STANDARD BOOK NUMBER
Cancelled/invalid ISBN 9781471138874 (ebook)
040 ## - CATALOGING SOURCE
Original cataloging agency DLC
Language of cataloging eng
Description conventions rda
Transcribing agency DLC
Modifying agency DLC
042 ## - AUTHENTICATION CODE
Authentication code pcc
050 00 - LIBRARY OF CONGRESS CALL NUMBER
Classification number BJ1496
Item number .I94 2014
082 04 - DEWEY DECIMAL CLASSIFICATION NUMBER
Classification number 302.231
Edition number 23
300 ## - PHYSICAL DESCRIPTION
Dimensions 18 cm
100 1# - MAIN ENTRY--PERSONAL NAME
Personal name Iyer, Pico,
Relator term author.
9 (RLIN) 42680
245 14 - TITLE STATEMENT
Title The art of stillness :
Remainder of title adventures in going nowhere /
Statement of responsibility, etc Pico Iyer ; photography by Eydís Einarsdóttir.
260 ## - PUBLICATION, DISTRIBUTION, ETC. (IMPRINT)
Place of publication, distribution, etc London
Name of publisher, distributor, etc Ted Books
Date of publication, distribution, etc 2014
300 ## - PHYSICAL DESCRIPTION
Extent 74 p. ;
650 ## - SUBJECT ADDED ENTRY--TOPICAL TERM
Topical term or geographic name as entry element Simplicity
9 (RLIN) 42681
650 ## - SUBJECT ADDED ENTRY--TOPICAL TERM
Topical term or geographic name as entry element Mind and body
9 (RLIN) 14387
650 ## - SUBJECT ADDED ENTRY--TOPICAL TERM
Topical term or geographic name as entry element Spiritual life
9 (RLIN) 4105
650 ## - SUBJECT ADDED ENTRY--TOPICAL TERM
Topical term or geographic name as entry element Spirituality
9 (RLIN) 42682
906 ## - LOCAL DATA ELEMENT F, LDF (RLIN)
a 7
b cbc
c origres
d 3
e ncip
f 20
g y-gencatlg
942 ## - ADDED ENTRY ELEMENTS (KOHA)
Source of classification or shelving scheme Library of Congress Classification
Koha item type Monograph ( Printed materials)
Holdings
Withdrawn status Lost status Source of classification or shelving scheme Damaged status Not for loan Collection code Home library Current library Shelving location Date acquired Total Checkouts Full call number Barcode Date last seen Date checked out Price effective from Koha item type
    Library of Congress Classification     Main Collection ARRUPE LIBRARY ARRUPE LIBRARY Main Collection 02/10/2018 1 BJ1496 .I94 2014 46600003188 29/10/2018 11/10/2018 02/10/2018 Monograph ( Printed materials)

 

Arrupe Library. PO Box MP320 Mt Pleasant, Harare, Zimbabwe
263 242 745411|librarian@aju.ac.zw